000 01093nam a2200289 i 4500
001 171365
003 ES-MaACL
005 20250819001126.0
008 090513s1970 sp |||| | spa d
017 _aM 13663-1967
130 0 _aBiblia.
_pA. T.
_lEspañol
_9119256
245 1 0 _aLa Sagrada Escritura
_b: texto y comentario : Antiguo Testamento.
_nV /
_ccolaboran J. Vella, F. L. Moriarty y F. Asensio ; dirige, Juan Leal.
260 _aMadrid :
_b[La Editorial Católica],
_c1970.
300 _aXXIX, 1 h, 923 p. , 1 h. ;
_c20 cm.
490 1 _aBiblioteca de autores cristianos ;
_v312
500 _aÍndice.
504 _aBibliografía : p. [XVII]-XXIX.
505 8 _aContiene : Eclesiástico ; Isaías ; Jeremías ; Ezequiel
594 _aEn el lomo : Profesores de la Compañía de Jesús.
700 0 _aLeal, Juan.
_970969
700 0 _aAsensio, Félix.
_9140071
700 0 _aMoriarty, Frederick L.
_983544
700 1 _aVella, Juan.
_9140092
830 0 0 _aBiblioteca de autores cristianos
_v312
_9178679
852 _aES-MaACL
_jJ-305
_9R.46092
999 _c171365
_d171365